000 00799nam a2200301Ia 4500
003 OSt
005 20230310115218.0
008 210210b1995 xxu||||| |||| 00| 0 eng d
020 _a8121903505
040 _cAL
041 _aeng
082 _a590/308
_bJORC
100 _aE L Jordan
_939212
110 _aP S Verma
_974954
245 _aChordate zoology and animal physiology
260 _aNew Delhi
_bS. Chand & Co. Ltd.
_c1995
300 _axii,1151p.
_bHB
_c22x13cm.
365 _2Zoology
650 _aProtochordates
_974955
650 _aVertebrates
_974956
650 _aComparative Anatomy
_974957
650 _aAnimal Physiology
_974958
690 _aChordates
_939213
700 _aJORDAN (E L)
_939214
700 _aVERMA (P S)
_974959
906 _a049586
942 _2ddc
_cBK
999 _c128658
_d128658